| 000 | 00362nam a2200133Ia 4500 | ||
|---|---|---|---|
| 008 | 231017s9999 xx 000 0 und d | ||
| 082 | _a624.151363BAD | ||
| 082 | _bBAD | ||
| 245 | 0 | _aUse of Ring Nets for Slope Protection for Rockfall: End of Construction Report | |
| 245 | 0 | _cThomas C. Badger | |
| 260 | _bThomas C. Badger | ||
| 300 | _c30cm | ||
| 942 | _cREP | ||
| 999 |
_c603788 _d603788 |
||